000 01766nam0a22003251 4500
001 rc\3468320
005 20260408154931.0
010 _9700
_d5 р. 20 к.
021 _aRU
_b[72-73654]
035 _a(NLR Aleph) 007898808
090 _a8024887
_c8024887
100 _a20130115d1972 k y0rusy50 ca
101 0 _arus
102 _aRU
105 _ay i |||||
200 1 _aОсновные технико-экономические показатели работы предприятий цветной металлургии капиталистических и развивающихся стран
_e[таблицы]
_fМинистерство цветной металлургии СССР. Центральный научно-исследовательский институт инормации и технико-экономических исследований цветной металлургии
210 _aМосква
_d1972
215 _a297 с.
_d21х29
320 _aСписки литературы в конце разделов
606 _aЦветная металлопромышленность
_xКапиталистические страны
_91310054
_3RU\NLR\AUTH\66226680
606 _aЦветная металлопромышленность
_xРазвивающиеся страны
_92005889
_3RU\NLR\AUTH\66922060
686 1 _aУ30(0,7)555.2-06
686 1 _aУ30(0,8)555.2-06
711 0 2 _aЦНИИ информации и технико-экономических исследований цветной металлургии
_cМосква
_9550967
_3RU\NLR\AUTH\8810026380
801 0 _aRU
_bNLR
_gpsbo
801 1 _aRU
_bELAR
_2rusmarc
852 _aNLR
_j72-8/1729
942 _cBOOK
980 _aNB